00478nam a22001457a 4500008004100000020001800041041000800059080001000067100000700077101000800084245009500092942001200187999001700199952011600216180917b xxu||||| |||| 00| 0 eng d a9780834211988 aeng a159.9 a49 aPSI aMedicsl And Psychosocial Aspects of Chronic Illness And DisabilitycFalvo.D.R 2udccBK c47854d47854 00102udc40708PËKGa002b002cPËKGd2018-09-17l0o159.9 FALp002-3012946r2018-09-17w2018-09-17yBK